00422nam a22001457a 4500003000800000008004100008020001800049041001300067080001500080245009600095250001200191260003900203300001000242650002400252SLTCLib260610b ce ||||| |||| 00| 0 eng d a9781628258295 aEnglish  a005.8bSTA aThe Standard for Project Management and A Guide to the project Management Body of knowledge a8th ed. bProject Management Institutec2025 a294p. 0a Project management